000 00261nam a22001217a 4500
008 170606b xxu||||| |||| 00| 0 eng d
041 _aeng
080 _a32
100 _a18
101 _aSHP
245 _aTHE SILENT REVOLUTION
_cINGLEHART,R
942 _2udc
_cBK
999 _c16163
_d16163